000 00618nam a2200169 4500
008 151001b xxu||||| |||| 00| 0 eng d
020 _a1256579173
050 _aHD 30.28 .S77 2012
100 _aGovernors State University.
_d2012.
245 _aPearson Custom business resources:
_cGovernors state university.
_bStrategic management MGMT 4900
260 _aNew York :
_bPearson Custom Pub.,
_c ©2012.
300 _aii. 418 p. :
_bill. ;
_c26cm.
500 _aIncludes index.
650 _aStrategic management.
700 _aGovernors state university.
942 _2lcc
_cBOOKS
_hHD 30.28 .S77 2012
999 _c6951
_d6951